MARC details
| 000 -LEADER |
| fixed length control field |
00733cam a2200205 4500 |
| 001 - CONTROL NUMBER |
| control field |
WS125616 |
| 008 - FIXED-LENGTH DATA ELEMENTS--GENERAL INFORMATION |
| fixed length control field |
040326n 000 0 eng u |
| 035 ## - SYSTEM CONTROL NUMBER |
| System control number |
(Sirsi) u125616 |
| 245 ## - TITLE STATEMENT |
| Title |
Oyez Forms Link |
| 520 ## - SUMMARY, ETC. |
| Summary, etc. |
Web site for this service which allows user to order legal forms online and complete and print the most popular forms direct from the internet with Adobe Acrobat. |
| 650 ## - SUBJECT ADDED ENTRY--TOPICAL TERM |
| Topical term or geographic name entry element |
LEGAL FORMS |
| 650 ## - SUBJECT ADDED ENTRY--TOPICAL TERM |
| Topical term or geographic name entry element |
CONVEYANCING |
| 650 ## - SUBJECT ADDED ENTRY--TOPICAL TERM |
| Topical term or geographic name entry element |
LANDLORD AND TENANT |
| 9 (RLIN) |
6252 |
| 650 ## - SUBJECT ADDED ENTRY--TOPICAL TERM |
| Topical term or geographic name entry element |
Insolvency |
| 9 (RLIN) |
6247 |
| 650 ## - SUBJECT ADDED ENTRY--TOPICAL TERM |
| Topical term or geographic name entry element |
LIMITED LIABILITY PARTNERSHIPS |
| 650 ## - SUBJECT ADDED ENTRY--TOPICAL TERM |
| Topical term or geographic name entry element |
PARTNERSHIPS |
| 650 ## - SUBJECT ADDED ENTRY--TOPICAL TERM |
| Topical term or geographic name entry element |
RIGHT TO MANAGE |
| 856 40 - ELECTRONIC LOCATION AND ACCESS |
| Uniform Resource Identifier |
<a href="https://www.oyezformslink.co.uk">https://www.oyezformslink.co.uk</a> |
| Public note |
View the document free of charge at oyezformslink.co.uk |
| 942 ## - ADDED ENTRY ELEMENTS (KOHA) |
| Suppress in OPAC |
0 |